Trang phục Thăng Long - Hà Nội

Sách giới thiệu trang phục của người Thăng Long - Hà Nội trong thời kì phong kiến, thời kì phong kiến nửa thuộc địa, giai đoạn Việt Nam dân chủ cộng hòa và từ ngày giải phóng 1954 đến nay.

محفوظ في:
التفاصيل البيبلوغرافية
المؤلف الرئيسي: Đoàn, Thị Tình
التنسيق: كتاب
اللغة:Undetermined
منشور في: Hà Nội Nhà xuất bản Hà Nội 2010
الموضوعات:
الوسوم: إضافة وسم
لا توجد وسوم, كن أول من يضع وسما على هذه التسجيلة!
Thư viện lưu trữ: Trung tâm Học liệu Trường Đại học Cần Thơ
LEADER 01040nam a2200217Ia 4500
001 CTU_167877
008 210402s9999 xx 000 0 und d
082 |a 391.00959731 
082 |b T312 
100 |a Đoàn, Thị Tình 
245 0 |a Trang phục Thăng Long - Hà Nội 
245 0 |c Đoàn Thị Tình 
260 |a Hà Nội 
260 |b Nhà xuất bản Hà Nội 
260 |c 2010 
520 |a Sách giới thiệu trang phục của người Thăng Long - Hà Nội trong thời kì phong kiến, thời kì phong kiến nửa thuộc địa, giai đoạn Việt Nam dân chủ cộng hòa và từ ngày giải phóng 1954 đến nay. 
650 |a Clothing and dress,Costumes,Quần áo và trang phục,Trang phục 
650 |x History,History,Lịch sử,Lịch sử 
650 |z Hanoi (Vietnam),Hanoi (Vietnam),Hà Nội (Việt Nam),Hà Nội (Việt Nam) 
904 |i Năm 
980 |a Trung tâm Học liệu Trường Đại học Cần Thơ